000 00596nam a2200217Ia 4500
005 20241129115625.0
008 241129s9999||||xx |||||||||||||| ||und||
020 _a9789393758415
037 _aTB
040 _aSDCL
_beng
_cSDCL
041 _ahin
_2hin
084 _aW.2'P R2
_qSDCL
100 _aThakur Manindra Nath
_9532395
245 0 _aGyan ki rajneeti : Samaj adhyayan aur bhartiya chintan
260 _aNoida
_bSetu Prakashan Samuh
_c2022
300 _a360p.
365 _aINR
_b350
650 _aPolitical Science
942 _cTB
_hW.2'P R2
999 _c1231266
_d1231266